| 000 | 00728nam a2200229 a 4500 | ||
|---|---|---|---|
| 001 | 000038501 | ||
| 005 | 20240510195229.0 | ||
| 008 | 130412s2012 dr 000 0 spa d | ||
| 020 | _a9789945580082 | ||
| 040 |
_aDO-SdBNP _bspa _cBNPHU |
||
| 082 |
_a378.175 _bA185f |
||
| 100 | 1 |
_aAcosta Peralta, Mirian _964855 |
|
| 245 | 1 | 0 |
_aFundamentos de la educación a distancia / _cMirian Acosta Peralta. |
| 260 |
_aSanto Domingo : _bUAPA, _c2012. |
||
| 300 |
_a328 p. ; _c27 cm. |
||
| 490 | 1 | _aAutoaprendizaje | |
| 650 | 0 |
_aEducación a distancia _934220 |
|
| 650 | 4 |
_aEducación no formal _950844 |
|
| 700 | 1 |
_aHiraldo Trejo, Reyna, _ecolab. _942888 |
|
| 830 | 0 |
_aAutoaprendizaje _91208 |
|
| 910 | _aValidado. Control de calidad MFF | ||
| 999 |
_c37991 _d37991 |
||